Tai Pan (Record no. 9951)

MARC details
000 -LEADER
fixed length control field 00421nam a2200181Ia 4500
008 - FIXED-LENGTH DATA ELEMENTS--GENERAL INFORMATION
fixed length control field 220803s9999 xx 000 0 und d
020 ## - INTERNATIONAL STANDARD BOOK NUMBER
International Standard Book Number 0-440-18462-2
041 ## - LANGUAGE CODE
Language code of text/sound track or separate title eng
082 ## - DEWEY DECIMAL CLASSIFICATION NUMBER
Classification number 823 CLA
100 ## - MAIN ENTRY--PERSONAL NAME
Personal name Clavell J
9 (RLIN) 12415
245 ## - TITLE STATEMENT
Title Tai Pan
250 ## - EDITION STATEMENT
Edition statement 20th
260 ## - PUBLICATION, DISTRIBUTION, ETC. (IMPRINT)
Place of publication, distribution, etc. New York
Name of publisher, distributor, etc. Dell Pub Co
Date of publication, distribution, etc. 1979
300 ## - PHYSICAL DESCRIPTION
Extent 734p
500 ## - GENERAL NOTE
Keywords Architecture
520 ## - SUMMARY, ETC.
Summary, etc. Withdrawn
650 ## - SUBJECT ADDED ENTRY--TOPICAL TERM
Topical term or geographic name as entry element English Literature
9 (RLIN) 12416
Holdings
Withdrawn status Lost status Damaged status Not for loan Home library Current library Date acquired Vendor Cost, normal purchase price Full call number Barcode Date last seen Cost, replacement price Bill Date Koha item type Original Barcode
Withdrawn       Dr. Bhanuben Nanavati College of Architecture Dr. Bhanuben Nanavati College of Architecture 17/03/1997 Manohar Bhat 50.00 823 CLA BNCA-BK-1774 03/08/2022 50.00 17/03/1997 Books B001774